Cheftrainer der 1. Bundesliga 2025/26 - Statistiken

Allgemein
  • Dieses Quiz wurde 118 mal gespielt
  • Das Durchschnittsergebnis liegt bei 13 aus 18
Antwortstatistiken
Verein Trainer % Korrekt
Bayern München Vincent Kompany
96%
Borussia Dortmund Niko Kovac
94%
VfB Stuttgart Sebastian Hoeneß
91%
Eintracht Frankfurt Dino Toppmöller
90%
1. FC Heidenheim Frank Schmidt
84%
1. FC Union Berlin Steffen Baumgart
83%
Bayer 04 Leverkusen Erik ten Hag
82%
RB Leipzig Ole Werner
82%
SC Freiburg Julian Schuster
80%
Borussia Mönchengladbach Gerardo Seoane
79%
FC Augsburg Sandro Wagner
73%
Hamburger SV Merlin Polzin
69%
Werder Bremen Horst Steffen
64%
1. FSV Mainz 05 Bo Henriksen
60%
1. FC Köln Lukas Kwasniok
54%
TSG Hoffenheim Christian Ilzer
42%
FC St. Pauli Alexander Blessin
40%
VfL Wolfsburg Paul Simonis
19%
Keine übereinstimmenden Quizze gefunden
Verteilung der Resultate
Anzahl Personen mit jedem Resultat
Perzentil nach korrekt beantworteten Fragen
Ihre Resultats-Entwicklung
Sie haben dieses Quiz noch nicht gespielt